Corporate governance how to add value /

Bibliographic Details
Main Author: Steger, Ulrich.
Corporate Author: ProQuest (Firm)
Other Authors: Amann, Wolfgang.
Format: Electronic eBook
Language:English
Published: Chichester, England ; Hoboken, NJ : John Wiley & Sons Ltd., c2008.
Subjects:
Online Access:Click to View
LEADER 01312nam a2200361Ia 4500
001 EBC470194
003 MiAaPQ
005 20200520144314.0
006 m o d |
007 cr cn|||||||||
008 080201s2008 enka sb 001 0 eng d
010 |z  2008004946 
020 |z 0470754176 (pbk.) 
020 |z 9780470754177 (pbk.) 
035 |a (MiAaPQ)EBC470194 
035 |a (Au-PeEL)EBL470194 
035 |a (CaPaEBR)ebr10301245 
035 |a (CaONFJC)MIL234979 
035 |a (OCoLC)609848836 
040 |a MiAaPQ  |c MiAaPQ  |d MiAaPQ 
050 4 |a HD2741  |b .S763 2008 
100 1 |a Steger, Ulrich. 
245 1 0 |a Corporate governance  |h [electronic resource] :  |b how to add value /  |c Ulrich Steger, Wolfgang Amann. 
260 |a Chichester, England ;  |a Hoboken, NJ :  |b John Wiley & Sons Ltd.,  |c c2008. 
300 |a xiii, 292 p. :  |b ill. 
504 |a Includes bibliographical references and index. 
533 |a Electronic reproduction. Ann Arbor, MI : ProQuest, 2015. Available via World Wide Web. Access may be limited to ProQuest affiliated libraries. 
650 0 |a Value. 
650 0 |a Corporate governance. 
655 4 |a Electronic books. 
700 1 |a Amann, Wolfgang. 
710 2 |a ProQuest (Firm) 
856 4 0 |u https://ebookcentral.proquest.com/lib/matrademy/detail.action?docID=470194  |z Click to View